| Record ID | ia:michaelrobartesd00yeat |
| Source | Internet Archive |
| Download MARC XML | https://archive.org/download/michaelrobartesd00yeat/michaelrobartesd00yeat_marc.xml |
| Download MARC binary | https://www.archive.org/download/michaelrobartesd00yeat/michaelrobartesd00yeat_meta.mrc |
LEADER: 01590cam a2200409 a 4500
001 549476
008 940204s1994 nyua b eng d
010 $a 94004177
020 $a080142934X (alk. paper)
035 $a(Sirsi) AVS-5212
035 00 $iLCMARC/ARY-3023/SUNG
035 $a(OCoLC)29877033
039 $f//mb/cd(mb)/ROBA
039 $aRB180707$flf
040 $aDLC$cDLC$dDLC
050 00 $aPR5904$b.M5 1994
090 39 $adel Y439 M54Z6P3 1994$bRBSC$c1
090 8 $aPR 5904 .M5 1994$bROBA$c1
100 1 $aYeats, W. B.$q(William Butler),$d1865-1939.
245 10 $aMichael Robartes and the dancer :$bmanuscript materials /$cby W.B. Yeats ; edited by Thomas Parkinson with Anne Brannen.
260 $aIthaca :$bCornell University Press,$c1994.
300 $axxviii, 200 p. :$bill.
490 14 $aThe Cornell Yeats
500 $a"First published 1994."
504 $aIncludes bibliographical references.
596 $a26 32
598 $aNEW
600 10 $aYeats, W. B.$q(William Butler),$d1865-1939$tMichael Robartes and the dancer$xCriticism, Textual.
600 10 $aYeats, W. B.$q(William Butler),$d1865-1939$xManuscripts$xFacsimiles.
650 0 $aManuscripts, English$xFacsimiles.
700 10 $aParkinson, Thomas Francis,$d1920-
700 10 $aBrannen, Anne.
800 1 $aYeats, W. B.$q(William Butler),$d1865-1939.$tWorks.$f1982.
948 $a10/14/1994$b10/12/1998
926 $aROBARTS$bCHECKEDOUT$cPR5904 .M5 1994$dBOOK$e16/9/2018$f1
926 $aFISHER$bRAREBOOKS$cdel .Y439 M54 Z6P3 1994$dBOOK$f1
926 $aFISHER$bREFERENCE$cPR5904 .M5 1994$dBOOK$f1